000 00812cam a2200289 i 4500
001 12551
003 BD-RjUL
005 20211208235320.0
008 140129s1975 nyua b 001 0 eng
020 _a0121098508
035 _a(BD-RjUL)12600
040 _aDLC
_cDLC
_dDLC
_dBD-RjUL
_beng
041 _aeng
060 _aQZ200 B666b
082 0 0 _a616.994071
_bBOB 1975
100 1 _aBodansky, Oscar,
_d1901-
_939090
245 1 0 _aBiochemistry of human cancer /
_cOscar Bodansky.
260 _aNew York :
_bAcademic Press,
_cc1975.
300 _axiv, 657 p. :
_bill. ;
_c24 cm.
504 _aIncludes bibliographies and index.
650 0 _aCancer.
_939091
650 0 _aMetabolism
_xDisorders.
_936269
650 2 _aNeoplasms.
_939092
942 _2ddc
_cBK
999 _c12551
_d12551